| 000 | 00833nam a2200217 i 4500 | ||
|---|---|---|---|
| 001 | bg | ||
| 111 | 2 |
_aElektrofiltry'96 _n(6 ; _cBełchatów). |
|
| 245 | 0 | 0 |
_aElektrofiltry'96 : _bIV konferencja naukowo-techniczna : materiały konferencyjne, Bełchatów 5-7 wrzesień 1996 / _cPolski Komitet Elektrostatyki SEP [Stowarzyszenia Elektryków Polskich], Elektrownia Bełchatów, Zakłady Naukowo-Techniczne "Proteko". |
| 260 |
_aKraków : _b"Proteko", _c1996. |
||
| 300 |
_a249 s. : _bfot., rys., wykr. ; _c24 cm. |
||
| 500 | _aNa prawach rpsu. | ||
| 504 | _aBibliogr. przy ref. | ||
| 650 | 9 |
_aFiltry elektryczne _xstosowanie |
|
| 650 | 9 |
_aEnergetyka _xhigiena |
|
| 655 | _aMateriały konferencyjne | ||
| 040 | _cBPK | ||
| 041 | 0 | _apl | |
| 080 | _a621.31:628.5](061.3) | ||
| 942 | _cKS | ||
| 008 | s pl f |000 0 pol | ||
| 999 |
_c32892 _d32892 |
||